Open Data Biblioteca Nacional de Portugal


República Portuguesa: Ministério da Cultura
Biblioteca Nacional de Portugal

Catálogo da BNP: acesso por Identificadores Unívocos
Registos Bibliográficos associados ao registo de autoridade

Etiqueta de registo: 00254nam 2200025 450
001 2288781
003 http://id.bnportugal.gov.pt/bib/catbnp/2288781
100 ## $a20260625d2025 k y0pory01030103ba
101 0# $aspa$dpor
102 ## $aPT
105 ## $aa z 001yy
106 ## $ar
200 1# $aArquetipos y fundamentos del diseño$ereconocimiento de los arquetipos precolombinos andinos en la formación de identidades culturales y su integración como recurso creativo en el ámbito del diseño$fDiego Alejandro Chicaiza Ayala$gorient. Isabel Maria Dâmaso Rodrigues
210 #9 $aLisboa$c[s.n.],$d2025
215 ## $a2 v.$cil.$d30 cm
328 #1 $aTese dout. Belas-Artes (Design de Equipamento), Faculdade de Belas-Artes da Universidade de Lisboa, 2025
700 #1 $aChicaiza Ayala,$bDiego Alejandro$32001649
702 #1 $aRodrigues,$bIsabel Maria Dâmaso,$f1966-$4727$31433887
801 #0 $aPT$bBN$gRPC
966 ## $lBN$mFGMON$x1
971 ## $cisantos$d20260625

OpendataBNP@bnportugal.pt | Mais informação sobre acesso aos dados BNP